000 00367pab a2200145 454500
008 180718b2006 xxu||||| |||| 00| 0 eng d
100 _aKhatkhate, Deena
245 _aInflation targeting: much ado about something
260 _c2006
300 _ap.5031-033.
362 _a9 Dec
650 _aInflation
773 _aEconomic and Political Weekly
909 _a72520
999 _c72520
_d72520